| 000 | 00000nam##2200000za#4500 |
| 001 | 9.604016 |
| 003 | CaOODSP |
| 005 | 20260128153019 |
| 007 | cr ||||||||||| |
| 008 | 150406|1994||||xxc|||||o f|0| 0 fre|d |
| 022 | |a1488-545X |
| 040 | |aCaOODSP|bfre |
| 043 | |an-cn--- |
| 086 | 1 |aFs97-6/1980F-PDF |
| 110 | 2 |aInstitut Maurice-Lamontagne. |
| 245 | 10|aDétermination du potentiel de pêche au homard (Homarus americanus) le long du versant nord de la péninsule gaspésienne / |h[ressource électronique]|c[par] Louise Gendron, Charley Cyr et Pierre Fradette. |
| 260 | |aMont-Joli - Québec : |bPêches et Océans Canada. |cc1994. |
| 300 | |a46p.|bfigure, graphiques, cartes, références, tableaux |
| 490 | 1 |aRapport technique canadien des sciences halieutiques et aquatiques|x1488-545X|vN° 1980 |
| 500 | |aLe n° de catalogue (Fs97-6/1980F) et l'ISSN (0706-6570) de l'édition imprimée ont été incorrectement copiés dans l'édition électronique. |
| 546 | |a(Abstract in English) |
| 590 | |a12-23-Supp|b2012-05-28 |
| 720 | 1 |aCyr, Charley |
| 720 | 1 |aFradette, Pierre |
| 720 | 1 |aGendron, Louise |
| 776 | 0#|tDétermination du potentiel de pêche au homard (Homarus americanus) le long du versant nord de la péninsule gaspésienne / |w(CaOODSP)9.622920 |
| 830 | #0|aRapport technique canadien des sciences halieutiques et aquatiques,|x1488-545X|vN° 1980|w(CaOODSP)9.500867 |
| 856 | 40|ahttp://publications.gc.ca|qPDF|s1.99 Mo|uhttps://publications.gc.ca/collections/collection_2012/mpo-dfo/Fs97-6-1980-fra.pdf|yN° 1980 |